000 00977nam a22002657a 4500
005 20130522153347.0
008 090617t xxu||||| |||| 00| 0 eng d
010 _aB-515148-149
020 _a9789350750452
_c775.00
035 _aB-515148-149
037 _aKKP/Ven
040 _adpl
_bEnglish
082 _a540
100 _aGupta, Preeti
245 _aUGC CSIR NET/SET (JRF & LS) junior research fellowship & lectureship :
_bChemical Sciences
_cPreeti Gupta,Aditya Tomar [Naveen Sharma]
246 _aUGC CSIR NET/SET
260 _aMeerut
_bArihant Publications
_c201?
270 _aKalindi, TP Nagar,
_bMeerut
300 _a1434p.
_c30cm(pbk)
490 _aLeading edge resources 2009-10
700 _dTomar, Aditya
700 _dSharma, Naveen
942 _2ddc
_cEN
_h540
_mGUP
999 _c75686
_d75686